Filmographie Depardieu - Statistiques

Statistiques générales
  • Ce quiz a été pris 63 fois
  • Le résultat moyen est 54 sur 195
Statistiques - réponses
Hint Réponse % Correct
1974 Les Valseuses
90%
1981 La Chèvre
86%
1983 Les Compères
82%
2002 Mission Cléopâtre
82%
2008 Astérix aux Jeux olympiques
80%
1999 Astérix et Obélix contre César
80%
1990 Cyrano de Bergerac
80%
1992 1492 : Christophe Colomb
78%
1995 Les Anges gardiens
78%
1986 Les Fugitifs
78%
2012 Astérix et Obélix : Au service de Sa Majesté
76%
2010 Mammuth
76%
1990 Green card
73%
1980 Le Dernier métro
71%
1986 Tenue de soirée
71%
1979 Buffet froid
69%
2003 Tais toi
69%
2000 Le placard
65%
1987 Sous le soleil de Satan
65%
1989 Trop belle pour toi
65%
2004 36 quai des Orfèvres
63%
1991 Mon père ce héros
61%
2021 Illusions perdues
59%
1996 Le Plus Beau Métier du monde
59%
1985 Police
59%
2005 Quand j'étais chanteur
59%
1996 Bogus
57%
1981 La Femme d'à coté
57%
1980 Mon oncle d'Amérique
57%
1977 Préparez vos mouchoirs
57%
2014 Welcome to New York
57%
1993 Germinal
55%
1995 Le Hussard sur le toit
55%
1998 L'Homme au masque de fer
55%
1980 Loulou
55%
2015 Valley of love
55%
2000 Vatel
55%
2001 Vidocq
55%
1976 1900
53%
1982 Danton
53%
2004 Les Temps qui changent
53%
2022 Les volets verts
53%
2022 Maigret
53%
2024 Maison de retraite 2
53%
2013 Turf
53%
2001 102 Dalmatiens
51%
2005 Combien tu m'aimes ?
51%
2022 Maison de retraite
51%
1991 Tous les matins du monde
51%
1995 Le Garçu
49%
2016 Saint Amour
49%
2019 Thalasso
49%
2016 The End
49%
2009 A l'origine
47%
1972 L'an 01
47%
2018 Les Confins du monde
47%
2016 Tour de France
47%
1990 Uranus
47%
2017 Carbone
45%
2019 Convoi exceptionnel
45%
1989 Deux
45%
2006 La Môme
45%
2012 Le grand soir
45%
1999 Les Acteurs
45%
2013 Les Invincibles
45%
2010 Potiche
45%
1974 Vincent, François, Paul… et les autres
45%
1986 Jean de Florette
43%
2021 Robuste
43%
2022 Umami
43%
1994 My father, ce héros
41%
1978 Rêve de singe
41%
2009 Bellamy
39%
2022 Irréductible
39%
1989 I want to go home
37%
2016 La Dream Team
37%
1991 Merci la vie
37%
1993 Hélas pour moi
35%
2005 Je préfère qu'on reste amis
35%
2013 La Marque des anges
35%
2019 Fahim
33%
2005 Olé
33%
1973 Stavisky
33%
2014 United Passions : La Légende du football
33%
2008 Babylon AD
31%
1982 Le Retour de Martin Guerre
31%
2021 Mystère à Saint-Tropez
31%
2003 Bon voyage
29%
2009 Diamant 13
29%
1984 Fort Saganne
29%
1979 Le Grand embouteillage
29%
1973 Deux Hommes dans la ville
27%
1980 Inspecteur la Bavure
27%
2007 Michou d'Auber
27%
2005 Boudu
24%
2004 RRRrrrr
24%
2021 Adieu Paris
22%
2010 L'Autre Dumas
22%
1981 Le Choix des armes
22%
1994 Le Colonel Chabert
22%
1995 Les Cent et Une Nuits de Simon Cinéma
22%
2006 Vacances sur ordonnance
20%
2010 La tête en friche
18%
2003 San Antonio
18%
2008 Disco
16%
2017 Le Divan de Staline
14%
2017 Bonne pomme
12%
2020 Des hommes
12%
2012 L'homme qui rit
12%
2008 L'Instinct de mort
12%
2003 Nathalie
12%
1975 7 morts sur ordonnance
10%
1988 Camille Claudel
10%
1978 Le Sucre
10%
1972 Le Viager
10%
1994 Elisa
8%
2012 L'Odyssée de Pi
8%
1984 Rive droite, rive gauche
8%
1997 XXL
8%
2002 Blanche
6%
1977 Le Camion
6%
1973 Les Gaspards
6%
1984 Le Tartuffe
6%
2017 Un beau soleil intérieur
6%
2018 Amoureux de ma femme
4%
1976 Barocco
4%
1998 Bimboland
4%
2009 Coco
4%
1995 Décroche les étoiles
4%
1988 Drôle d'endroit pour une rencontre
4%
1996 Hamlet
4%
2011 Je n'ai rien oublié
4%
1980 Je vous aime
4%
1974 La Femme du gange
4%
1973 L'Affaire Dominici
4%
1994 La Machine
4%
1972 La Scoumoune
4%
1970 Le Cri du cormoran le soir au-dessus des jonques
4%
1978 Les Chiens
4%
2008 Les Enfants de Timpelbach
4%
1980 Rosy la Bourrasque
4%
1999 Un pont entre deux rives
4%
2014 Viktor
4%
2003 Wanted
4%
2001 Aime ton père
2%
1973 Au rendez-vous de la mort joyeuse
2%
2008 Bouquet final
2%
2001 City of Ghosts
2%
2002 Dina
2%
1977 Dites lui que je l'aime
2%
2011 Glenn
2%
1976 La Dernière femme
2%
1983 La Lune dans le caniveau
2%
2002 Le pacte du silence
2%
2003 Les clés de bagnole
2%
1972 Le tueur
2%
1976 Maitresse
2%
2004 Nouvelle France
2%
2006 Paris, je t'aime
2%
1973 Rude journée pour la reine
2%
2008 Sans arme, ni haine, ni violence
2%
2017 Sólo se vive una vez
2%
1971 Un peu de soleil dans l'eau froide
2%
2018 Alad'2
0%
1976 Baxter, Vera Baxter
0%
2013 Cadences obstinées
0%
2001 Coeurs inconnus
0%
2001 Concurrence déloyale
0%
2001 CQ
0%
2019 Creators: The Past
0%
2008 Hello Goodbye
0%
2013 Ipu, condamné à vie
0%
1986 Je hais les acteurs
0%
1976 Je t'aime moi non plus
0%
2007 L'abbuffata
0%
1978 La Femme gauchère
0%
1996 L'agent secret
0%
2000 La Jalousie des Dieux
0%
1977 La nuit, tous les chats sont gris
0%
2004 La vie de Michel Muller est plus belle que la vôtre
0%
1982 Le Grand frère
0%
2008 Les rois peuvent tout
0%
1999 Mirka
0%
1998 Mots d'amour
0%
1972 Natalie Granger
0%
1975 Pas si méchant que ça
0%
1976 René la Canne
0%
2013 Rien ne peut nous arrêter
0%
1985 Rue du départ
0%
2001 Streghe verso nord
0%
2000 Tutto l'amore che c'è
0%
2011 Un baiser papillon
0%
1985 Une femme ou deux
0%
1994 Une pure formalité
0%
1977 Violanta
0%
Aucun quiz correspondant
Distribution des résultats
% des personnes avec chaque résultat
Percentile par nombre de réponses
Votre historique - résultats
Vous n’avez pas pris ce quiz